[Event "España ch sub-16 2012"]
[Site "Salobreña ESP"]
[Date "2012.07.17"]
[Round "3.23"]
[White "Castillo Rodriguez, Angel Luis"]
[Black "Capote Robayna, Nathaniel"]
[Result "1-0"]
[WhiteElo "1805"]
[BlackElo "2044"]
[PlyCount "65"]
[EventDate "2012.07.16"]
[EventType "swiss"]
[EventRounds "9"]
[EventCountry "ESP"]
[Source "lmi"]
[SourceDate "2012.07.16"]

1. e4 e6 2. b3 d5 3. Bb2 dxe4 4. Nc3 Nf6 5. Qe2 Be7 6. O-O-O Nbd7 7. g4 O-O 8.
g5 Nd5 9. h4 Nxc3 10. Bxc3 f5 11. d3 Ba3+ 12. Kb1 Nc5 13. d4 Nd7 14. Nh3 Nb6
15. Bb2 Bxb2 16. Kxb2 Qe7 17. Rg1 c5 18. Nf4 cxd4 19. a3 e5 20. Nh5 Nd5 21. Qc4
Be6 22. Qb5 Nc3 23. Qxe5 Nxd1+ 24. Kc1 Qf7 25. g6 hxg6 26. Nxg7 Qxg7 27. Qxe6+
Qf7 28. Rxg6+ Kh7 29. Rh6+ Kg7 30. Qd6 Rad8 31. Qf4 Qg8 32. Qg5+ Kf7 33. Bc4+
1-0

[Event "España ch sub-16 2012"]
[Site "Salobreña ESP"]
[Date "2012.07.17"]
[Round "3.24"]
[White "Martin Perez, Laura"]
[Black "Gonzalez Capacete, Jose Miguel"]
[Result "1-0"]
[WhiteElo "2019"]
[BlackElo "1781"]
[PlyCount "67"]
[EventDate "2012.07.16"]
[EventType "swiss"]
[EventRounds "9"]
[EventCountry "ESP"]
[Source "lmi"]
[SourceDate "2012.07.16"]

1. e4 c5 2. Nf3 g6 3. d4 cxd4 4. Nxd4 Bg7 5. Nc3 Nc6 6. Nb3 Nf6 7. Bc4 O-O 8.
O-O d6 9. Re1 Be6 10. Nd5 Rc8 11. Bf1 a5 12. a4 Ne5 13. Bg5 Bxd5 14. exd5 Nc4
15. Bxc4 Rxc4 16. Qd3 Rc8 17. Re2 Re8 18. Qb5 b6 19. c3 h6 20. Be3 Nd7 21. Rae1
Nc5 22. Nd4 e6 23. dxe6 fxe6 24. Nf3 e5 25. Rd1 Qc7 26. b4 axb4 27. cxb4 Nd7
28. Qd5+ Kh7 29. Qxd6 Qc4 30. Ree1 e4 31. Nd2 Qf7 32. Nxe4 Ne5 33. Qd5 Qf5 34.
Nd6 1-0

[Event "España ch sub-16 2012"]
[Site "Salobreña ESP"]
[Date "2012.07.18"]
[Round "4.1"]
[White "Santos Latasa, Jaime"]
[Black "Escudero Manzano, Alejandro"]
[Result "1/2-1/2"]
[WhiteElo "2399"]
[BlackElo "2192"]
[PlyCount "103"]
[EventDate "2012.07.16"]
[EventType "swiss"]
[EventRounds "9"]
[EventCountry "ESP"]
[Source "lmi"]
[SourceDate "2012.07.16"]

1. e4 c5 2. Nf3 Nc6 3. Nc3 g6 4. d4 cxd4 5. Nxd4 Bg7 6. Nde2 Nf6 7. g3 O-O 8.
Bg2 d6 9. O-O a6 10. Re1 Bd7 11. Nd5 Nxd5 12. exd5 Ne5 13. h3 Rc8 14. Nd4 b5
15. c3 Nc4 16. Qe2 Re8 17. Bg5 Qb6 18. Rad1 h6 19. Bc1 b4 20. Nc6 Bxc6 21. dxc6
Ne5 22. Be3 Qb5 23. cxb4 Nxc6 24. a3 Ne5 25. Bd4 Nc4 26. Bxg7 Kxg7 27. Bd5 Ne5
28. f4 Qb6+ 29. Kg2 Nd7 30. Rc1 e6 31. Be4 d5 32. Bd3 Ra8 33. Qf2 Qd6 34. Qd4+
Kg8 35. Rc2 e5 36. fxe5 Rxe5 37. Rce2 Rae8 38. Rxe5 Rxe5 39. Rxe5 Nxe5 40. Bxa6
Qxa6 41. Qxe5 Qd3 42. h4 h5 43. Kf2 d4 44. Qe8+ Kg7 45. Qe2 Qf5+ 46. Kg2 Kh7
47. a4 d3 48. Qd2 Qe4+ 49. Kf2 Qd4+ 50. Kf3 Qg4+ 51. Kf2 Qd4+ 52. Kf3 1/2-1/2

[Event "España ch sub-16 2012"]
[Site "Salobreña ESP"]
[Date "2012.07.18"]
[Round "4.2"]
[White "Montoliu Cervero, Francisco"]
[Black "Moreno Ibañez, Miguel"]
[Result "0-1"]
[WhiteElo "2230"]
[BlackElo "2055"]
[PlyCount "60"]
[EventDate "2012.07.16"]
[EventType "swiss"]
[EventRounds "9"]
[EventCountry "ESP"]
[Source "lmi"]
[SourceDate "2012.07.16"]

1. e4 g6 2. d4 d6 3. Nc3 Bg7 4. f4 e6 5. Nf3 Ne7 6. g3 a6 7. a4 b6 8. Bg2 Bb7
9. O-O O-O 10. Be3 Nd7 11. Qe1 c5 12. Rd1 Qc7 13. e5 Nf5 14. exd6 Nxd6 15. Ne5
Bxg2 16. Kxg2 Nf5 17. Nxd7 Qxd7 18. dxc5 Qc6+ 19. Kh3 bxc5 20. Bg1 Rab8 21. Rb1
Rb4 22. b3 e5 23. Qf2 exf4 24. Qxc5 Qe6 25. Kg2 Rd4 26. Nd1 Qe4+ 27. Kh3 fxg3
28. Rxf5 gxf5 29. Bxd4 Bxd4 30. Qc4 g2 0-1

[Event "España ch sub-16 2012"]
[Site "Salobreña ESP"]
[Date "2012.07.18"]
[Round "4.3"]
[White "Shen, Yue"]
[Black "Suarez Garcia, Carlos"]
[Result "0-1"]
[WhiteElo "2148"]
[BlackElo "2306"]
[PlyCount "84"]
[EventDate "2012.07.16"]
[EventType "swiss"]
[EventRounds "9"]
[EventCountry "ESP"]
[Source "lmi"]
[SourceDate "2012.07.16"]

1. d4 d6 2. Nf3 Bg4 3. g3 Bxf3 4. exf3 g6 5. Bg2 Nd7 6. f4 Rb8 7. c4 Bg7 8. Nc3
Nh6 9. O-O Nf5 10. Be3 c5 11. dxc5 Nxe3 12. fxe3 Bxc3 13. bxc3 Nxc5 14. Qd4 O-O
15. f5 f6 16. fxg6 hxg6 17. h4 Kg7 18. g4 Nd7 19. g5 Qb6 20. Rab1 Qxd4 21. cxd4
Rfc8 22. Rfc1 Rc7 23. a4 b6 24. Bd5 Rh8 25. a5 Rxh4 26. gxf6+ exf6 27. axb6
Nxb6 28. Bf3 Rxc4 29. Rxc4 Nxc4 30. Kf2 Rh2+ 31. Kg3 Rb2 32. Ra1 Nxe3 33. Rxa7+
Kh6 34. Kf4 Rb3 35. Rd7 g5+ 36. Kg3 Nf5+ 37. Kf2 Rb2+ 38. Kf1 g4 39. Ba8 Kg5
40. Kg1 g3 41. Be4 Ne3 42. Rc7 f5 0-1

[Event "España ch sub-16 2012"]
[Site "Salobreña ESP"]
[Date "2012.07.18"]
[Round "4.4"]
[White "Buendia Pinar, Alvaro"]
[Black "Nicolas Zapata, Irene"]
[Result "1/2-1/2"]
[WhiteElo "1999"]
[BlackElo "2235"]
[PlyCount "99"]
[EventDate "2012.07.16"]
[EventType "swiss"]
[EventRounds "9"]
[EventCountry "ESP"]
[Source "lmi"]
[SourceDate "2012.07.16"]

1. e4 c5 2. Nf3 Nc6 3. c3 d5 4. exd5 Qxd5 5. d4 Nf6 6. Be3 cxd4 7. cxd4 e6 8.
Nc3 Qd7 9. Bb5 a6 10. Ne5 Qc7 11. Qa4 Bd7 12. Nxd7 Qxd7 13. Bxc6 Qxc6 14. Qxc6+
bxc6 15. Ke2 Rb8 16. b3 Ba3 17. Bc1 Bd6 18. Be3 Kd7 19. Rac1 h5 20. h3 Bb4 21.
Rhd1 Bxc3 22. Rxc3 Nd5 23. Rc4 f6 24. Rdc1 Rbc8 25. Ra4 Ra8 26. Rac4 Ne7 27.
Bd2 h4 28. Rb4 Rhb8 29. Rxb8 Rxb8 30. Rc4 Nd5 31. f4 Kc7 32. Kf3 Rh8 33. Ba5+
Kb7 34. Rc2 Rh5 35. Bd2 Ne7 36. Bb4 Nf5 37. Bc5 Kc7 38. Rc4 Rh8 39. Ra4 Ra8 40.
Rb4 Ng3 41. Bb6+ Kd7 42. Bc5 Kc7 43. Bb6+ Kc8 44. Bc5 Nf5 45. Rc4 Kc7 46. Bb4
Rb8 47. Ba5+ Kd7 48. Be1 Kc7 49. Ba5+ Kd7 50. Be1 1/2-1/2

[Event "España ch sub-16 2012"]
[Site "Salobreña ESP"]
[Date "2012.07.18"]
[Round "4.5"]
[White "Ponce Cano, Adrian"]
[Black "Navarrete Espi, Samuel"]
[Result "0-1"]
[WhiteElo "1995"]
[BlackElo "2197"]
[PlyCount "38"]
[EventDate "2012.07.16"]
[EventType "swiss"]
[EventRounds "9"]
[EventCountry "ESP"]
[Source "lmi"]
[SourceDate "2012.07.16"]

1. e4 e5 2. Nf3 Nc6 3. Bb5 Nf6 4. O-O Bc5 5. Bxc6 dxc6 6. Nxe5 Be6 7. d3 Qe7 8.
Nf3 O-O-O 9. Nbd2 g5 10. a3 g4 11. Ne1 h5 12. c3 g3 13. d4 Ng4 14. fxg3 h4 15.
gxh4 Rxd4 16. cxd4 Bxd4+ 17. Kh1 Qxh4 18. h3 Qg3 19. Qf3 Qh2# 0-1

[Event "España ch sub-16 2012"]
[Site "Salobreña ESP"]
[Date "2012.07.18"]
[Round "4.6"]
[White "Acosta Sosa, Juan Manuel"]
[Black "Pinsach Gelabert, Alexandre"]
[Result "1-0"]
[WhiteElo "2166"]
[BlackElo "1990"]
[PlyCount "71"]
[EventDate "2012.07.16"]
[EventType "swiss"]
[EventRounds "9"]
[EventCountry "ESP"]
[Source "lmi"]
[SourceDate "2012.07.16"]

1. d4 d5 2. c4 e6 3. Nf3 c5 4. cxd5 exd5 5. dxc5 Nc6 6. a3 Bxc5 7. b4 Qf6 8.
Ra2 Bb6 9. Rd2 Nge7 10. Bb2 Qg6 11. Nc3 Be6 12. e3 f6 13. Ne2 O-O 14. Nf4 Qf7
15. Bd3 Rfe8 16. O-O Rad8 17. Qb1 g6 18. Nxe6 Qxe6 19. Qa1 Kf7 20. Rfd1 Bc7 21.
Qa2 Ne5 22. Bxe5 Bxe5 23. Nxe5+ Qxe5 24. e4 Kg7 25. Bb5 Nc6 26. exd5 a6 27. Bf1
Ne7 28. d6 Nf5 29. Re2 Qf4 30. Rxe8 Rxe8 31. d7 Rd8 32. Qe6 Qc7 33. g4 Nh4 34.
Qe7+ Kh6 35. Qxf6 Rxd7 36. g5+ 1-0

[Event "España ch sub-16 2012"]
[Site "Salobreña ESP"]
[Date "2012.07.18"]
[Round "4.7"]
[White "Romero Calduch, Sergio"]
[Black "Diaz Camallonga, Carles"]
[Result "0-1"]
[WhiteElo "1963"]
[BlackElo "2144"]
[PlyCount "74"]
[EventDate "2012.07.16"]
[EventType "swiss"]
[EventRounds "9"]
[EventCountry "ESP"]
[Source "lmi"]
[SourceDate "2012.07.16"]

1. d4 Nf6 2. c4 g6 3. Nc3 d5 4. Nf3 Bg7 5. Bg5 Ne4 6. cxd5 Nxc3 7. bxc3 Qxd5 8.
e3 c5 9. Be2 Nc6 10. O-O O-O 11. Rb1 Bg4 12. Bh4 Rad8 13. Qa4 Bd7 14. Qa3 b6
15. c4 Qd6 16. Bg3 Qf6 17. dxc5 bxc5 18. Qxc5 Bf5 19. Rbd1 Rc8 20. Qa3 Qc3 21.
Qxc3 Bxc3 22. Nd4 Nxd4 23. exd4 Rfd8 24. d5 e6 25. dxe6 Bxe6 26. Rxd8+ Rxd8 27.
c5 Rd2 28. Bf3 Rxa2 29. Bb7 Rc2 30. c6 Ba5 31. h3 Bd5 32. Ra1 Bb6 33. Re1 Bxc6
34. Bxc6 Rxc6 35. Re8+ Kg7 36. Ra8 Bd4 37. Rd8 Bf6 0-1

[Event "España ch sub-16 2012"]
[Site "Salobreña ESP"]
[Date "2012.07.18"]
[Round "4.8"]
[White "Gutierrez Valero, Mario"]
[Black "Martin Garcia, Guillermo"]
[Result "0-1"]
[WhiteElo "2135"]
[BlackElo "1963"]
[PlyCount "106"]
[EventDate "2012.07.16"]
[EventType "swiss"]
[EventRounds "9"]
[EventCountry "ESP"]
[Source "lmi"]
[SourceDate "2012.07.16"]

1. d4 d5 2. Nf3 Nf6 3. c4 e6 4. g3 dxc4 5. Bg2 Bd7 6. a4 Bc6 7. Qc2 Nbd7 8.
Qxc4 Bd5 9. Qd3 Be4 10. Qd1 c5 11. Nc3 Bc6 12. O-O cxd4 13. Nxd4 Bxg2 14. Kxg2
Bc5 15. e4 O-O 16. Be3 Qe7 17. h3 Rfd8 18. Qe2 Ne5 19. Rad1 Rac8 20. f4 Nc4 21.
Bf2 Bb4 22. e5 Nd5 23. Nxd5 Rxd5 24. Rc1 Nb6 25. Rxc8+ Nxc8 26. Rc1 Nb6 27. b3
g6 28. Qe4 Bc5 29. Rd1 Qd7 30. Qe3 Nc8 31. Qc3 Ne7 32. b4 Bxd4 33. Rxd4 Qxa4
34. Rxd5 Nxd5 35. Qc8+ Kg7 36. Qxb7 a6 37. Bc5 Qc2+ 38. Kf3 Qd3+ 39. Kf2 Nc3
40. Qf3 Ne4+ 41. Kg2 Qc2+ 42. Bf2 Nxf2 43. Qxf2 Qe4+ 44. Qf3 Qxb4 45. Qa8 Qd2+
46. Kf1 a5 47. Qe8 Qd1+ 48. Kf2 a4 49. Qe7 Qd2+ 50. Kf1 Qd3+ 51. Kf2 a3 52.
Qf6+ Kg8 53. Qe7 Qd8 0-1

[Event "España ch sub-16 2012"]
[Site "Salobreña ESP"]
[Date "2012.07.18"]
[Round "4.9"]
[White "Perez Barreto, Adrian"]
[Black "Rubio Tent, Francisco"]
[Result "0-1"]
[WhiteElo "1961"]
[BlackElo "2120"]
[PlyCount "100"]
[EventDate "2012.07.16"]
[EventType "swiss"]
[EventRounds "9"]
[EventCountry "ESP"]
[Source "lmi"]
[SourceDate "2012.07.16"]

1. d4 Nf6 2. c4 c5 3. d5 b5 4. cxb5 a6 5. bxa6 g6 6. Nc3 Bxa6 7. e4 Bxf1 8.
Kxf1 d6 9. Nf3 Nbd7 10. g3 Bg7 11. Kg2 O-O 12. h3 Qa5 13. Re1 Nb6 14. e5 Nfd7
15. e6 fxe6 16. Rxe6 Ne5 17. Nxe5 Bxe5 18. Rxe7 Bxc3 19. bxc3 Qxc3 20. Bf4 Rf5
21. Rc1 Qf6 22. Re6 Qf7 23. Rxd6 Nxd5 24. Qd2 Rf8 25. Rc2 Nxf4+ 26. gxf4 Qb7+
27. Kg3 Qh1 28. Rd8 Qg1+ 29. Kf3 Rxf4+ 30. Qxf4 Qh1+ 31. Kg3 Rxd8 32. Re2 Rd3+
33. Re3 Qg1+ 34. Kf3 Qd1+ 35. Kg3 Qg1+ 36. Kf3 Qd1+ 37. Kg3 Rxe3+ 38. Qxe3 Qd6+
39. Qf4 Qd3+ 40. f3 c4 41. Qb8+ Kg7 42. Qe5+ Kf7 43. Qc7+ Ke6 44. Qc6+ Ke5 45.
Qc5+ Qd5 46. f4+ Ke4 47. Qxd5+ Kxd5 48. Kf3 Kd4 49. a4 Kd3 50. a5 c3 0-1

[Event "España ch sub-16 2012"]
[Site "Salobreña ESP"]
[Date "2012.07.18"]
[Round "4.10"]
[White "Sanchez Garcia, Julio"]
[Black "Abal Cores, Lucas"]
[Result "0-1"]
[WhiteElo "2108"]
[BlackElo "1951"]
[PlyCount "92"]
[EventDate "2012.07.16"]
[EventType "swiss"]
[EventRounds "9"]
[EventCountry "ESP"]
[Source "lmi"]
[SourceDate "2012.07.16"]

1. d4 d5 2. c4 e6 3. Nc3 Nf6 4. cxd5 exd5 5. Bg5 Nbd7 6. e3 c6 7. Bd3 Bd6 8.
Nf3 Nf8 9. Qc2 Ng6 10. h3 h6 11. Bh4 Nxh4 12. Nxh4 g6 13. Nf3 Qe7 14. O-O-O Be6
15. Kb1 Bc7 16. Ka1 O-O-O 17. Rc1 Kb8 18. Na4 Nd7 19. Nd2 f5 20. f3 Rhe8 21.
Nb3 Bf7 22. Rhe1 Qf6 23. Qd2 f4 24. e4 dxe4 25. fxe4 Bxb3 26. e5 Qf7 27. axb3
Qxb3 28. Bc2 Qb5 29. Qxf4 g5 30. Qf1 Qxf1 31. Rxf1 Nb6 32. Rcd1 Nxa4 33. Bxa4
Bb6 34. d5 Rxe5 35. dxc6 Ra5 36. b3 Bd4+ 37. Rxd4 Rxd4 38. Rf8+ Kc7 39. Rf7+
Kc8 40. Rf8+ Kc7 41. Rf7+ Kb6 42. Rxb7+ Ka6 43. Kb2 Rd6 44. b4 Rxa4 45. b5+ Ka5
46. Rxa7+ Kxb5 0-1

[Event "España ch sub-16 2012"]
[Site "Salobreña ESP"]
[Date "2012.07.18"]
[Round "4.11"]
[White "Segura Santos, Luis"]
[Black "Santos Ruiz, Miguel"]
[Result "0-1"]
[WhiteElo "1958"]
[BlackElo "2106"]
[PlyCount "66"]
[EventDate "2012.07.16"]
[EventType "swiss"]
[EventRounds "9"]
[EventCountry "ESP"]
[Source "lmi"]
[SourceDate "2012.07.16"]

1. e4 e6 2. d4 d5 3. Nd2 Nc6 4. Ngf3 Nf6 5. e5 Nd7 6. c3 f6 7. Bb5 fxe5 8. dxe5
Be7 9. O-O O-O 10. Re1 a5 11. Nb3 Na7 12. Bxd7 Qxd7 13. Nxa5 b6 14. Nb3 Ba6 15.
Bg5 Rxf3 16. Bxe7 Rd3 17. Qc2 Qxe7 18. Nc1 Rh3 19. gxh3 Qg5+ 20. Kh1 Bb7 21. f3
d4 22. Re4 Qf5 23. Qg2 dxc3 24. bxc3 Bxe4 25. fxe4 Qxe5 26. Nb3 Qxc3 27. Rc1
Qe5 28. Rd1 Nb5 29. Rd7 Rf8 30. a4 Nd6 31. Rxc7 Nxe4 32. Rc1 Nf2+ 33. Kg1 Qe3
0-1

[Event "España ch sub-16 2012"]
[Site "Salobreña ESP"]
[Date "2012.07.18"]
[Round "4.12"]
[White "Monge Gilgado, Eva Maria"]
[Black "Marchena Hurtado, Javier"]
[Result "1/2-1/2"]
[WhiteElo "1847"]
[BlackElo "2085"]
[PlyCount "70"]
[EventDate "2012.07.16"]
[EventType "swiss"]
[EventRounds "9"]
[EventCountry "ESP"]
[Source "lmi"]
[SourceDate "2012.07.16"]

1. e4 c5 2. Nc3 Nc6 3. g3 g6 4. Bg2 Bg7 5. d3 d6 6. f4 e6 7. Nf3 Nge7 8. O-O
O-O 9. Be3 b6 10. Bf2 Bb7 11. Re1 Qd7 12. h3 e5 13. fxe5 dxe5 14. Nd5 Nd4 15.
c4 Nxf3+ 16. Qxf3 f5 17. Qd1 Nc6 18. Rb1 Rf7 19. a3 fxe4 20. dxe4 Nd4 21. Qd3
Raf8 22. Rf1 Nf3+ 23. Bxf3 Bxd5 24. Bg4 Be6 25. Qxd7 Bxd7 26. Bxd7 Rxd7 27. Be3
Rd3 28. Rxf8+ Bxf8 29. Kf2 Rb3 30. Bd2 Rd3 31. Bc3 Bg7 32. Re1 a5 33. Re2 Kf7
34. Rd2 Rxd2+ 35. Bxd2 a4 1/2-1/2

[Event "España ch sub-16 2012"]
[Site "Salobreña ESP"]
[Date "2012.07.18"]
[Round "4.13"]
[White "Rojano Alfonso, Carlos"]
[Black "Alonso Vara, Maria"]
[Result "1-0"]
[WhiteElo "2084"]
[BlackElo "1833"]
[PlyCount "87"]
[EventDate "2012.07.16"]
[EventType "swiss"]
[EventRounds "9"]
[EventCountry "ESP"]
[Source "lmi"]
[SourceDate "2012.07.16"]

1. d4 Nf6 2. c4 g6 3. Nc3 Bg7 4. e4 d6 5. Bg5 O-O 6. Bd3 Na6 7. Nge2 e5 8. d5
Qe8 9. O-O Nh5 10. a3 Nc5 11. Bc2 f5 12. f3 fxe4 13. fxe4 Bg4 14. b4 Nd7 15. h3
Bxe2 16. Nxe2 Rxf1+ 17. Qxf1 h6 18. Be3 Qe7 19. Qc1 Kh7 20. Qd2 a6 21. Nc3 Rf8
22. Rf1 Nf4 23. Kh2 Qh4 24. Qe1 Qe7 25. g3 Nh5 26. Kg2 Bf6 27. Qd2 g5 28. Ba4
Rg8 29. Qf2 Nf8 30. Bd1 Nf4+ 31. Kh2 N8g6 32. Bg4 h5 33. Bf5 Kg7 34. gxf4 exf4
35. Bd4 Ne5 36. Rg1 Kh6 37. Ne2 g4 38. hxg4 hxg4 39. Bxe5 g3+ 40. Nxg3 Bxe5 41.
Nf1 f3+ 42. Kh3 Rxg1 43. Qxg1 Qf7 44. Qe3+ 1-0

[Event "España ch sub-16 2012"]
[Site "Salobreña ESP"]
[Date "2012.07.18"]
[Round "4.14"]
[White "Forsberg Conde, Martin"]
[Black "Castillo Rodriguez, Angel Luis"]
[Result "1/2-1/2"]
[WhiteElo "2046"]
[BlackElo "1805"]
[PlyCount "56"]
[EventDate "2012.07.16"]
[EventType "swiss"]
[EventRounds "9"]
[EventCountry "ESP"]
[Source "lmi"]
[SourceDate "2012.07.16"]

1. e4 e6 2. d4 d5 3. Nc3 dxe4 4. Nxe4 Nd7 5. Nf3 Ngf6 6. Ng3 b6 7. Bd3 Bb7 8.
O-O Be7 9. c3 O-O 10. Ne5 Nxe5 11. dxe5 Qd5 12. Qf3 Qxf3 13. gxf3 Nd7 14. f4
Rfd8 15. Bc2 b5 16. Ne4 Nb6 17. f3 Nd5 18. Kf2 c5 19. Be3 c4 20. Nd2 Rd7 21.
Be4 Nxe3 22. Kxe3 Bc5+ 23. Ke2 Rad8 24. Rfd1 Rd3 25. Nf1 b4 26. cxb4 Bxb4 27.
Rdc1 R3d4 28. Bd3 Rxd3 1/2-1/2

[Event "España ch sub-16 2012"]
[Site "Salobreña ESP"]
[Date "2012.07.18"]
[Round "4.15"]
[White "Martin Duque, Jesus"]
[Black "Prado Acebo, Ines"]
[Result "1-0"]
[WhiteElo "2241"]
[BlackElo "1825"]
[PlyCount "61"]
[EventDate "2012.07.16"]
[EventType "swiss"]
[EventRounds "9"]
[EventCountry "ESP"]
[Source "lmi"]
[SourceDate "2012.07.16"]

1. e4 c5 2. Nf3 e6 3. d4 cxd4 4. Nxd4 a6 5. Bd3 Bc5 6. Nb3 Ba7 7. O-O Nc6 8.
Qe2 d6 9. c4 Nge7 10. Nc3 O-O 11. Be3 Bxe3 12. Qxe3 Ne5 13. h3 Qc7 14. Rac1 b6
15. Be2 f5 16. f4 N5g6 17. Nd4 Nxf4 18. Qxf4 e5 19. Nd5 Qd8 20. Qg5 Nxd5 21.
Qxd8 Rxd8 22. Nc6 Nf4 23. Rxf4 exf4 24. Nxd8 fxe4 25. Rd1 Bxh3 26. Rxd6 Bf5 27.
Ne6 f3 28. gxf3 exf3 29. Bxf3 Re8 30. Bd5 Bxe6 31. Bxe6+ 1-0

[Event "España ch sub-16 2012"]
[Site "Salobreña ESP"]
[Date "2012.07.18"]
[Round "4.16"]
[White "Dierssen Garcia-Barredo, Guillermo"]
[Black "Garcia De Lomas Guerrero, Carlos"]
[Result "1/2-1/2"]
[WhiteElo "1854"]
[BlackElo "2041"]
[PlyCount "138"]
[EventDate "2012.07.16"]
[EventType "swiss"]
[EventRounds "9"]
[EventCountry "ESP"]
[Source "lmi"]
[SourceDate "2012.07.16"]

1. d4 Nf6 2. c4 c5 3. d5 b5 4. Qc2 bxc4 5. e4 d6 6. Bxc4 g6 7. Nc3 Bg7 8. Nf3
Nfd7 9. O-O O-O 10. Bf4 Nb6 11. Be2 N8d7 12. Rad1 a5 13. Rfe1 f5 14. Ng5 Ne5
15. Bc1 f4 16. Nf3 Bg4 17. Nxe5 Bxe2 18. Nxe2 Bxe5 19. f3 Nd7 20. Bd2 Qb6 21.
Bc3 Rab8 22. Rb1 Rb7 23. Kh1 g5 24. Nc1 c4 25. Ne2 Rfb8 26. Red1 Bxc3 27. Qxc3
Ne5 28. Nd4 h6 29. Rd2 a4 30. a3 Kh7 31. g3 Rf8 32. Ne6 Rf7 33. gxf4 gxf4 34.
Nd4 Rb8 35. Rg2 Rg8 36. Rbg1 Rxg2 37. Rxg2 Qc5 38. Nf5 Qb6 39. Qd2 Qb3 40. Qxf4
Qd1+ 41. Rg1 Qxf3+ 42. Qxf3 Nxf3 43. Rc1 Nd2 44. Ng3 Rf2 45. Kg1 Rf4 46. Rc2
Nxe4 47. Re2 Nc5 48. Rxe7+ Kg6 49. Re2 Rd4 50. Rc2 Kf6 51. Rf2+ Kg5 52. Rc2 Kg4
53. Nf1 Ne4 54. Rxc4 Rxc4 55. Ne3+ Kf4 56. Nxc4 h5 57. Nb6 Nc5 58. Nc4 Ke4 59.
Nxd6+ Kxd5 60. Nb5 Kc4 61. Nc3 Kb3 62. Kf2 Kxb2 63. Nxa4+ Nxa4 64. Kg3 Kxa3 65.
Kh4 Nc5 66. Kxh5 Nd3 67. Kg5 Ne5 68. h3 Kb4 69. Kf5 Nf3 1/2-1/2

[Event "España ch sub-16 2012"]
[Site "Salobreña ESP"]
[Date "2012.07.18"]
[Round "4.17"]
[White "Chaikhiev Chaikhieva, Miguel A"]
[Black "Ruiz Font, Elisabet"]
[Result "1/2-1/2"]
[WhiteElo "1824"]
[BlackElo "2039"]
[PlyCount "135"]
[EventDate "2012.07.16"]
[EventType "swiss"]
[EventRounds "9"]
[EventCountry "ESP"]
[Source "lmi"]
[SourceDate "2012.07.16"]

1. d4 f5 2. c4 Nf6 3. Nc3 d6 4. Nf3 g6 5. g3 Bg7 6. Bg2 O-O 7. O-O c6 8. e3 Na6
9. a3 Qe8 10. b4 Kh8 11. Bb2 Nc7 12. Qc2 Be6 13. Nd2 g5 14. e4 Qh5 15. d5 Bd7
16. f3 f4 17. Ne2 e5 18. dxe6 Nxe6 19. g4 Qg6 20. Rac1 Rfd8 21. Nb3 Rac8 22.
Rfd1 d5 23. e5 Qxc2 24. Rxc2 Ng8 25. cxd5 cxd5 26. Rxc8 Bxc8 27. Nbd4 Nxd4 28.
Bxd4 Ne7 29. Bxa7 Bxe5 30. Bd4 Nc6 31. Bxe5+ Nxe5 32. Kf2 Nc4 33. Rd3 Ne3 34.
Nc3 Be6 35. Nd1 d4 36. Nb2 Rc8 37. Rd2 Kg7 38. Bf1 Rc1 39. Bb5 Rh1 40. Ke2
Rxh2+ 41. Kd3 Rxd2+ 42. Kxd2 Bd5 43. Be2 Kf6 44. a4 Ke6 45. a5 Kd6 46. Na4 Nc4+
47. Kd3 Ne5+ 48. Kxd4 Nxf3+ 49. Bxf3 Bxf3 50. Nc5 Bxg4 51. Nxb7+ Kc7 52. Nc5
Bc8 53. b5 f3 54. b6+ Kc6 55. Nd3 Kb5 56. Ke3 g4 57. Ne5 h5 58. Nf7 Kxa5 59.
Nd6 Kxb6 60. Nxc8+ Kc7 61. Ne7 Kd6 62. Ng6 Kd7 63. Ne5+ Ke6 64. Nxf3 Kf5 65.
Nd4+ Ke5 66. Nf3+ Kd5 67. Nh4 Ke6 68. Ke4 1/2-1/2

[Event "España ch sub-16 2012"]
[Site "Salobreña ESP"]
[Date "2012.07.18"]
[Round "4.18"]
[White "Ananian, Arman"]
[Black "Perez Cabas, Jose"]
[Result "1-0"]
[WhiteElo "1823"]
[BlackElo "2039"]
[PlyCount "85"]
[EventDate "2012.07.16"]
[EventType "swiss"]
[EventRounds "9"]
[EventCountry "ESP"]
[Source "lmi"]
[SourceDate "2012.07.16"]

1. Nf3 c5 2. g3 Nf6 3. c4 e6 4. Bg2 Qc7 5. O-O a6 6. Nc3 Be7 7. d3 d6 8. a3
Nbd7 9. Rb1 b6 10. b4 Bb7 11. Qb3 cxb4 12. axb4 d5 13. Bf4 e5 14. Bg5 dxc4 15.
dxc4 Rc8 16. Rfc1 O-O 17. Bxf6 Nxf6 18. Nd5 Nxd5 19. cxd5 Qxc1+ 20. Rxc1 Rxc1+
21. Bf1 e4 22. Ne5 Bd6 23. Qe3 Rc7 24. Nc6 Bxc6 25. dxc6 Rxc6 26. Qxe4 Rc1 27.
e3 Rfc8 28. Kg2 b5 29. h4 Rd1 30. Bd3 g6 31. Bc2 Rd2 32. Bb3 Rc7 33. h5 Kg7 34.
Qh4 Bf8 35. Qf4 Rcd7 36. e4 Bxb4 37. e5 Bc5 38. Qf6+ Kg8 39. Kh3 Bf8 40. e6 Bg7
41. exf7+ Kf8 42. Qc6 R7d3 43. Qe8# 1-0

[Event "España ch sub-16 2012"]
[Site "Salobreña ESP"]
[Date "2012.07.18"]
[Round "4.19"]
[White "Rodriguez Rodriguez, Alvaro"]
[Black "Nieves Cabanes, Javier"]
[Result "1-0"]
[WhiteElo "1811"]
[BlackElo "2037"]
[PlyCount "97"]
[EventDate "2012.07.16"]
[EventType "swiss"]
[EventRounds "9"]
[EventCountry "ESP"]
[Source "lmi"]
[SourceDate "2012.07.16"]

1. e4 c5 2. Nf3 e6 3. d4 cxd4 4. Nxd4 a6 5. c4 Qc7 6. Nc3 Nf6 7. a3 b6 8. Be2
Bb7 9. f3 d6 10. Be3 Nbd7 11. O-O Be7 12. Rc1 Rc8 13. Qd2 O-O 14. Rfd1 Qb8 15.
Bf1 Bd8 16. Qf2 Bc7 17. Kh1 Rfe8 18. Nde2 Re7 19. b4 Rce8 20. Na4 Bc6 21. Nac3
Ba8 22. Ng3 h6 23. Bd3 Ne5 24. c5 Nxd3 25. Rxd3 dxc5 26. bxc5 bxc5 27. Bxc5 Rd7
28. Rxd7 Nxd7 29. Rb1 Qc8 30. Na4 Nxc5 31. Qxc5 Qd8 32. Qc4 Qd6 33. Rc1 Bd8 34.
Nc5 a5 35. Nf1 Bg5 36. e5 Qxe5 37. Nd3 Qe2 38. Re1 Bd5 39. Qb5 Qa2 40. Qxe8+
Kh7 41. Qa4 Bc4 42. Ne5 Bd5 43. Nxf7 Bf6 44. Ne3 Bb3 45. Qe4+ Kg8 46. Qg6 Qxa3
47. Ng4 Kf8 48. Ngxh6 e5 49. Nd6 1-0

[Event "España ch sub-16 2012"]
[Site "Salobreña ESP"]
[Date "2012.07.18"]
[Round "4.20"]
[White "Perez Pardo, Sergio Ivan"]
[Black "Martin Perez, Laura"]
[Result "1/2-1/2"]
[WhiteElo "1805"]
[BlackElo "2019"]
[PlyCount "114"]
[EventDate "2012.07.16"]
[EventType "swiss"]
[EventRounds "9"]
[EventCountry "ESP"]
[Source "lmi"]
[SourceDate "2012.07.16"]

1. e4 c5 2. Nf3 Nc6 3. d4 cxd4 4. Nxd4 g6 5. c4 Bg7 6. Be3 Nf6 7. Nc3 O-O 8.
Be2 d6 9. O-O Bd7 10. f3 a5 11. Rc1 Nxd4 12. Bxd4 Bc6 13. b3 Nd7 14. Bxg7 Kxg7
15. Qd4+ Kg8 16. Rfd1 Qb6 17. Qxb6 Nxb6 18. Nd5 Bxd5 19. cxd5 Rac8 20. Bb5 Kg7
21. Kf2 f5 22. Ke3 Kf6 23. h4 h6 24. f4 Rh8 25. Kd4 fxe4 26. Kxe4 g5 27. Be2
Nd7 28. fxg5+ hxg5 29. Rf1+ Kg7 30. Ke3 Nc5 31. Rc4 Rxh4 32. Rcf4 Rch8 33. Bg4
gxf4+ 34. Kxf4 Rf8+ 35. Ke3 Rhh8 36. Rf3 Ne6 37. Bxe6 Re8 38. Bf7 Rh4 39. Rh3
Rg4 40. Kf3 Rg5 41. g4 Kf6 42. Rh5 Rxg4 43. Ke2 Kxf7 44. Kd3 Re4 45. Kc3 Re1
46. a4 Rc1+ 47. Kd4 Rd1+ 48. Kc4 Rc1+ 49. Kd4 Rc5 50. Kd3 Rc1 51. Rh1 Rb1 52.
Kc3 Rc1+ 53. Kd3 Rc5 54. Kd4 b5 55. axb5 Rxb5 56. Kc3 Rb4 57. Kd3 Rf4 1/2-1/2